00459nam a2200181 a 450000100060000000300090000600800410001502000150005604000280007108200160009910000180011524500340013326000410016730000100020849000190021865000230023765000170026017789CO-ViMGA141112s2004 ck r 000 u spa d a8432983691 aCO-ViMGAbspacCO-ViMGA04a745.5 M655d1 aMolne, Teresa10aDecoración con flores secas aBarcelona (España), cCeac, c1996 a45.p. aCómo hacerlo14aADORNOS CON FLORES14aFLORES SECAS